000 00848nam a2200205Ia 4500
003 Ost
005 20260507075116.0
008 260507s9999||||xx |||||||||||||| ||und||
040 _cfsecg
041 _aara
082 _a337
100 _aحشيش، عادل أحمد
_eمؤلف
245 0 _aأساسيات الإقتصاد الدولي /
_c عادل أحمد حشيش
260 _aبيروت:
_bمنشورات الحلبي الحقوقية,
_c2003
300 _a331 صفحة؛
_bإيضاحات ؛
_c24 سم
520 _aمفاهيم ومرتكزات رئيسية- نظرية التجارة الدولية- العلاقات النقدية والمالية والدولية- السياسات التجارية
653 _aالإقتصاد الدولي
700 _aشهاب، مجدي محمود
_eمؤلف ثانوي
942 _cكتاب
999 _c43018
_d43018